书目信息 |
| 题名: |
无人机详解与剖析
|
|
| 作者: | 弗伦泽尔 , 凯斯 , 奈德夫 著 ;韩萌 译 | |
| 分册: | ||
| 出版信息: | 北京 人民邮电出版社 2019 |
|
| 页数: | 146页 | |
| 开本: | 21cm | |
| 丛书名: | ||
| 单 册: | ||
| 中图分类: | V279-49 , V279 | |
| 科图分类: | ||
| 主题词: | 无人驾驶飞机--wu ren jia shi fei ji--普及读物 | |
| 电子资源: | ||
| ISBN: | 978-7-115-50531-6 | |
| 000 | 01356nam0 2200337 450 | |
| 001 | 1964801566 | |
| 005 | 20190507102734.2 | |
| 010 | @a978-7-115-50531-6@dCNY 49.00 | |
| 099 | @aCAL 012019058641 | |
| 100 | @a20190507d2019 em y0chiy50 ea | |
| 101 | 1 | @achi@ceng |
| 102 | @aCN@b110000 | |
| 105 | @aa z 000yy | |
| 200 | 1 | @a无人机详解与剖析@AWu Ren Ji Xiang Jie Yu Pou Xi@f(德) 丹尼尔·弗伦泽尔 ... [等] 著@g韩萌译 |
| 210 | @a北京@c人民邮电出版社@d2019 | |
| 215 | @a146页@c图@d21cm | |
| 300 | @a异步图书 | |
| 304 | @a题名页题其余责任者:(美) 亚历克斯·凯斯,(保加利亚) 蒂霍米尔·奈德夫,(西) 佩佩·瓦尔维德,(美) 乔纳斯·沃特林 | |
| 306 | @a由美国Bleeding Edge出版社授权出版 | |
| 330 | @a本书作为无人机的科普类图书,剖析了组成无人机的各个组件,并对用来制作无人机的配件进行了对比,最后通过实例讲解了无人机的组装过程,以及组装零部件的选择。 | |
| 333 | @a本书适合对无人机感兴趣的科研单位、无人机生产公司以及发烧友阅读 | |
| 500 | 10 | @aDeconstructing drones for developers@mChinese |
| 606 | 0 | @a无人驾驶飞机@Awu ren jia shi fei ji@j普及读物 |
| 690 | @aV279-49@v5 | |
| 690 | @aV279@v4 | |
| 701 | 1 | @a弗伦泽尔@AFulunze'er@g(Frenzel, Daniel)@4著 |
| 701 | 1 | @a凯斯@AKaisi@g(Keyes, Alex)@4著 |
| 701 | 1 | @a奈德夫@ANaidefu@g(Nedev, Tihomir)@4著 |
| 702 | 0 | @a韩萌@AHan Meng@4译 |
| 801 | 0 | @aCN@bDUTL@c20190507 |
| 905 | @aBZT@dV279@e7 | |
| 无人机详解与剖析/(德) 丹尼尔·弗伦泽尔 ... [等] 著/韩萌译.-北京:人民邮电出版社,2019 |
| 146页:图;21cm |
| 异步图书.-使用对象:本书适合对无人机感兴趣的科研单位、无人机生产公司以及发烧友阅读 |
| ISBN 978-7-115-50531-6:CNY 49.00 |
| 本书作为无人机的科普类图书,剖析了组成无人机的各个组件,并对用来制作无人机的配件进行了对比,最后通过实例讲解了无人机的组装过程,以及组装零部件的选择。 |
| ● |
| 相关链接 |
|
|
|
正题名:无人机详解与剖析
索取号:V279/7
 
预约/预借
| 序号 | 登录号 | 条形码 | 馆藏地/架位号 | 状态 | 备注 |
| 1 | 867451 | 2000867451 | 第二书库/ [索取号:V279/7] | 在馆 | |
| 2 | 867452 | 2000867452 | 第二书库/ [索取号:V279/7] | 在馆 | |
| 3 | 867453 | 2000867453 | 第二书库/ [索取号:V279/7] | 在馆 |